The bias of communication

Αποθηκεύτηκε σε:
Λεπτομέρειες βιβλιογραφικής εγγραφής
Κύριος συγγραφέας: Innis, Harold Adams 1894-1952
Μορφή: Βιβλίο
Γλώσσα:English
Δημοσίευση: Toronto : University of Toronto Press, [1991]
Θέματα:
Ετικέτες: Προσθήκη ετικέτας
Δεν υπάρχουν, Καταχωρήστε ετικέτα πρώτοι!

MARC

LEADER 00000nam a2200000 i 4500
001 1/74762
008 971016s1991 eng d
020 |a 0-8020-6839-1 
035 |a 1993  |b 2  |c Σκούρτου  |l 10031924 
040 |a GR-MY-UA  |b gre  |e aacr 
041 0 |a eng 
082 0 |a 302.2 
100 1 |a Innis, Harold Adams  |d 1894-1952. 
245 1 4 |a The bias of communication /  |c Harold A. Innis 
260 |a Toronto :   |b University of Toronto Press,   |c [1991] 
300 |a 226 p. 
500 |a Introduction by Paul Heyer and David Crowley 
650 0 0 |a Communication. 
650 0 0 |a Information theory. 
852 |a INST  |b RHODES  |e 19971016  |h 302.2 INN  |p 005400009261  |q 005400009261  |t BK  |y 0 
909 |a Ρ  |b 027129  |c 1993